| 000 | 00582nam a22001697a 4500 | ||
|---|---|---|---|
| 008 | 161003b xxu||||| |||| 00| 0 eng d | ||
| 020 | _a0393957373 | ||
| 050 |
_aHB 172 _b.V37 1993 |
||
| 100 | _aYohe, Gary Wynn | ||
| 245 |
_aExercises and applications for Microeconomic analysis/ _cGary Wynn Yohe. |
||
| 250 | _a3rd ed. | ||
| 260 |
_aNew York : _bW. W. Norton & Company, _c ©1993. |
||
| 300 |
_ax, 515p. : _bill. ; _c25cm. |
||
| 650 |
_a Microeconomics _xProblems, exercises, etc. |
||
| 650 | _aMicroeconomics. | ||
| 942 |
_2lcc _cBOOKS _hHB 172 .V37 1993 |
||
| 999 |
_c14530 _d14530 |
||